00974naa a22002297a 4500001001000000003000900010005001700019007000300036008003400039040005400073041000900127072001400136100001800150111009500168245004800263260003700311500017700348650001000525650001400535650002100549773017400570BR9301500BR-BrBNA20240918180850.0ta230509b bl.||||| |||| 00| 0 por d aBR-BrBNAbporcBiblioteca Nacional de Agricultura a(Pt) aH20b01801 aSartori, J.F.1 a9. Reuniao Anual Conjunta de Pesquisa do TrigocLondrina, PR (Brazil)d28 Mar - 1 Apr 19771 aEnsaio cooperativo para teste de fungicidas3 aCruz Alta, RS (Brasil): c1977.  aContribuicao do Centro de Experimentacao e Pesquisa a 9. Reuniao Anual Conjunta de Pesquisa do Trigo, v. 1 - Trigo Cruz Alta, RS (Brasil): 1977. p. 29-36 (BR9301500-AM)H20  aTrigo aFungicida aControle Quimico0 tContribuicao do Centro de Experimentacao e Pesquisa a 9. Reuniao Anual Conjunta de Pesquisa do Trigo, v. 1 - TrigowH20 BR9301500gCruz Alta, RS (Brasil), 1977. p. 29-36